عرض عادي
عرض مارك
- متولي، نعمان عبد السميع.
مدخل إسم شخص
عدد التسجيلات المستخدمة في: 11
001 - رقم الضبط
- حقل الضبط: 15245
003 - معرف رقم الضبط
- حقل الضبط: OSt
005 - تاريخ ووقت أخر عملية
- حقل الضبط: 20120530091158.0
008 - عناصر بيانات ثابتة الطول
- حقل تحكم ثابت الطول: 120530|||a|||||| | ||| d
040 ## - مصدر الفهرسة
- هيئة الفهرسة الأصلية: OSt
- وكالة الكتابة: OSt
100 ## - مدخل -- أسم شخص
- إسم شخص: متولي، نعمان عبد السميع.
670 ## - بيانات المصدر موجوده
- الاستشهاد بالمصدر: Work cat.: (OSt): متولي، نعمان عبد السميع., الأساس في الضبط والإعراب /, 2012.
